| 000 | 00795nam#a22003015ar4500 | ||
|---|---|---|---|
| 001 | 69 | ||
| 008 | 051013s1981####ag#a###d|b###|||1#|bspa|| | ||
| 245 | 1 | 0 |
_aBiología 1 : _bLos organismos vivientes y su ambiente / _cPedro Zarur. |
| 250 | _a12ª ed. | ||
| 260 |
_aBuenos Aires : _bPlus Ultra, _c1981. |
||
| 300 |
_a245 p. : _bil. ; _c17 cm. |
||
| 521 | _aPrimer año ciclo básico común. Escuelas nacionales de comercio | ||
| 100 | 1 | _aZarur, Pedro. | |
| 080 | _a573.6 | ||
| 084 | _aZ46 e1 | ||
| 653 | _aEcosistemas | ||
| 653 | _aAgua | ||
| 653 | _aVida | ||
| 653 | _aAire | ||
| 653 | _aAtmosfera | ||
| 653 | _aMateria | ||
| 653 | _aPirámide ecológica | ||
| 653 | _aCiencias Biológicas | ||
| 040 |
_aAR-ClEAG _cAR-ClEAG |
||
| 005 | 20241107184623.0 | ||
| 003 | AR-ClEAG | ||
| 942 | _cBK | ||
| 999 |
_c69 _d69 |
||
| 980 |
_62 _aEvangelina Gallicchio _82 _gEvangelina Gallicchio |
||